Ground-water resources and geology of Quay County, New Mexico, (Record no. 30337)
[ view plain ]
| 000 -LEADER | |
|---|---|
| fixed length control field | 01409cam a2200289 4500 |
| 001 - CONTROL NUMBER | |
| control field | gs 67000218 |
| 003 - CONTROL NUMBER IDENTIFIER | |
| control field | DLC |
| 005 - DATE AND TIME OF LATEST TRANSACTION | |
| control field | 20260227111421.0 |
| 008 - FIXED-LENGTH DATA ELEMENTS--GENERAL INFORMATION | |
| fixed length control field | 690430s1966 nmuab b 00010 eng c |
| 010 ## - LIBRARY OF CONGRESS CONTROL NUMBER | |
| LC control number | gs 67000218 //r933 |
| 040 ## - CATALOGING SOURCE | |
| Original cataloging agency | U.S. Geol. Survey. Library |
| Transcribing agency | DLC |
| Modifying agency | DLC |
| 043 ## - GEOGRAPHIC AREA CODE | |
| Geographic area code | n-us-nm |
| 100 10 - MAIN ENTRY--PERSONAL NAME | |
| Personal name | Berkstresser, Charles F., |
| Dates associated with a name | 1923- |
| 245 10 - TITLE STATEMENT | |
| Title | Ground-water resources and geology of Quay County, New Mexico, |
| Statement of responsibility, etc. | by Charles F. Berkstresser, Jr. [and] Walter A. Mourant. |
| 260 0# - PUBLICATION, DISTRIBUTION, ETC. | |
| Place of publication, distribution, etc. | Socorro, |
| Name of publisher, distributor, etc. | State Bureau of Mines and Mineral Resources, New Mexico Institute of Mining & Technology, |
| Date of publication, distribution, etc. | 1966. |
| 300 ## - PHYSICAL DESCRIPTION | |
| Extent | 115 p. |
| Other physical details | (chiefly tables) illus., maps (2 col.) |
| Dimensions | 23 cm. |
| 490 1# - SERIES STATEMENT | |
| Series statement | New Mexico. State Bureau of Mines and Mineral Resources. Ground-water report 9 |
| 500 ## - GENERAL NOTE | |
| General note | U.S. Geological Survey in co-operation with the New Mexico Institute of Mining and Technology, State Bureau of Mines and Mineral Resources, and the New Mexico State Engineer. |
| 500 ## - GENERAL NOTE | |
| General note | Part of illustrative matter folded in pocket. |
| 504 ## - BIBLIOGRAPHY, ETC. NOTE | |
| Bibliography, etc. note | Bibliography: p. 23. |
| 650 #0 - SUBJECT ADDED ENTRY--TOPICAL TERM | |
| Topical term or geographic name entry element | Groundwater |
| Geographic subdivision | New Mexico |
| -- | Quay County. |
| 650 #0 - SUBJECT ADDED ENTRY--TOPICAL TERM | |
| Topical term or geographic name entry element | Water-supply |
| Geographic subdivision | New Mexico |
| -- | Quay County. |
| 650 #0 - SUBJECT ADDED ENTRY--TOPICAL TERM | |
| Topical term or geographic name entry element | Geology |
| Geographic subdivision | New Mexico |
| -- | Quay County. |
| 700 10 - ADDED ENTRY--PERSONAL NAME | |
| Personal name | Mourant, Walter Arthur, |
| Dates associated with a name | 1913- |
| Relator term | joint author. |
| 710 20 - ADDED ENTRY--CORPORATE NAME | |
| Corporate name or jurisdiction name as entry element | Geological Survey (U.S.) |
| 810 1# - SERIES ADDED ENTRY--CORPORATE NAME | |
| Corporate name or jurisdiction name as entry element | New Mexico. |
| Subordinate unit | Bureau of Mines and Mineral Resources. |
| Title of a work | Ground-water report |
| Volume/sequential designation | 9 |
No items available.